El mendigo de San Roque / (Record no. 165653)

MARC details
000 -LEADER
campo de control de longitud fija 00713nam a2200181 i 4500
001 - NÚMERO DE CONTROL
campo de control 165653
003 - IDENTIFICADOR DE NÚMERO DE CONTROL
campo de control ES-MaACL
005 - FECHA Y HORA DE LA ÚLTIMA TRANSACCIÓN
campo de control 20250709063222.0
008 - DATOS DE LONGITUD FIJA--INFORMACIÓN GENERAL
campo de control de longitud fija 050831s1864 sp |||| | spa d
100 1# - ENTRADA PRINCIPAL--NOMBRE DE PERSONA
Nombre de persona Souvestre, Émile,
Fechas asociadas al nombre 1806-1854
9 (RLIN) 107604
245 13 - MENCIÓN DEL TÍTULO
Título El mendigo de San Roque /
Mención de responsabilidad, etc. por Emilio Souvestre.
260 ## - PUBLICACIÓN, DISTRIBUCIÓN, ETC.
Lugar de publicación, distribución, etc. Madrid :
Nombre del editor, distribuidor, etc. Las Novedades,
Fecha de publicación, distribución, etc. 1864 (
Fabricante Imp. de Las Novedades, a cargo de A. Querol y Caparrós)
300 ## - DESCRIPCIÓN FÍSICA
Extensión 77 p. ;
Dimensiones 22 cm.
596 ## - NOTA AL PIE DE IMPRENTA
NOTA AL PIE DE IMPRENTA Publicada en el Folletín de Las Novedades.
597 ## - NOTA DE DESCRIPCIÓN FÍSICA
NOTA DE DESCRIPCIÓN FÍSICA Texto a dos col.
852 ## - LOCALIZACIÓN
Ubicación ES-MaACL
Número de control de estantería G-4760(8)
Nota libre - Enc. hol., falto de la enc. original
-- . - Legado de M. de la Fuente
-- - Enc. en un vol. facticio
Holdings
Estatus retirado Estado de pérdida Estado de daño No para préstamo Colección Biblioteca de origen Biblioteca actual Ubicación en estantería Fecha de adquisición Total de préstamos Signatura topográfica completa Código de barras Visto por última vez Precio de reemplazo Tipo de ítem Koha
        Libros del s. XIX Biblioteca del Ateneo de Madrid Biblioteca del Ateneo de Madrid Depósito 2 17/01/2008   G-4760(8) 1173724 23/02/2023 23/02/2023 Libro impreso antiguo